[Event "Norresundby"]
[Site "Norresundby"]
[Date "2000.??.??"]
[Round "7"]
[White "Nielsen, Uffe Vinther"]
[Black "Fries Nielsen, Jens Ove"]
[Result "1-0"]
[WhiteElo "2365"]
[BlackElo "2430"]
[PlyCount "61"]
[EventDate "2000.??.??"]
[EventType "tourn"]
[EventRounds "7"]
[EventCountry "DEN"]
[EventCategory "5"]
[SourceTitle "EXT 2001"]
[Source "ChessBase"]
[SourceDate "2000.11.22"]
[SourceVersion "1"]
[SourceVersionDate "2000.11.22"]
[SourceQuality "1"]

1. c4 e6 2. Nc3 d5 3. d4 Be7 4. Nf3 Nf6 5. Bf4 0-0 6. e3 Ne4 7. Qc2 Nxc3 8. Qxc3 c5 9. dxc5 Nc6 10. Rd1 Bxc5 11. a3 Be7 12. b4 Bf6 13. Qc2 Bd7 14. cxd5 exd5 15. Rxd5 Ne7 16. Ng5 g6 17. Rc5 Bf5 18. Ne4 Bxe4 19. Qxe4 b6 20. Bc7 Qd7 21. Bb5 Qe6 22. Qxe6 fxe6 23. Rc2 Nd5 24. Bd7 Kf7 25. Bg3 Ke7 26. Ba4 Rac8 27. Rc6 Nc3 28. Bd6+ Kf7 29. Bxf8 Rxf8 30. Rc7+ Be7 31. Rxc3 1-0

[Event "Norresundby"]
[Site "Norresundby"]
[Date "2000.??.??"]
[Round "1"]
[White "Nielsen, Uffe Vinther"]
[Black "Pedersen, Svend"]
[Result "1-0"]
[WhiteElo "2365"]
[BlackElo "2280"]
[PlyCount "45"]
[EventDate "2000.??.??"]
[EventType "tourn"]
[EventRounds "7"]
[EventCountry "DEN"]
[EventCategory "5"]
[SourceTitle "EXT 2001"]
[Source "ChessBase"]
[SourceDate "2000.11.22"]
[SourceVersion "1"]
[SourceVersionDate "2000.11.22"]
[SourceQuality "1"]

1. d4 d6 2. e4 g6 3. Nc3 Bg7 4. Be3 c6 5. a4 a5 6. h3 Na6 7. Qd2 Nb4 8. Bc4 d5 9. Bb3 dxe4 10. Nxe4 Nd5 11. Nf3 Ngf6 12. Nxf6+ Nxf6 13. Bh6 0-0 14. 0-0 Bf5 15. Bxg7 Kxg7 16. Rfe1 h6 17. Re5 Be4 18. Nh2 Bd5 19. c4 Be6 20. Rae1 Re8 21. Nf3 Qb6 22. Qd3 Rad8 23. Rxe6 1-0

[Event "DEN-chT 9697"]
[Site "Denmark"]
[Date "1996.11.17"]
[Round "2.3"]
[White "Nielsen, Uffe Vinther"]
[Black "Bekker Jensen, Simon"]
[Result "1-0"]
[WhiteElo "2390"]
[BlackElo "2200"]
[PlyCount "103"]
[EventDate "1996.11.03"]
[EventType "team-tourn"]
[EventRounds "7"]
[EventCountry "DEN"]
[SourceTitle "EXT 2023"]
[Source "ChessBase"]
[SourceDate "2022.10.05"]
[SourceVersion "1"]
[SourceVersionDate "2022.10.05"]
[SourceQuality "1"]
[WhiteTeam "Skolerne"]
[BlackTeam "Bronshoj"]
[WhiteTeamCountry "DEN"]
[BlackTeamCountry "DEN"]

1. e4 c5 2. Nf3 d6 3. Bb5+ Bd7 4. Bxd7+ Qxd7 5. 0-0 Nc6 6. b3 Nf6 7. Qe2 e6 8. Bb2 Be7 9. c4 0-0 10. d4 cxd4 11. Nxd4 Nxd4 12. Bxd4 Qc6 13. Nc3 e5 14. Nd5 Nxd5 15. cxd5 Qd7 16. Be3 Bd8 17. Rfc1 Bb6 18. Rc4 Rfc8 19. Rac1 h6 20. h3 Qd8 21. Bd2 Rxc4 22. Qxc4 Qh4 23. Qe2 Rf8 24. Bb4 Qf4 25. Rc2 Rd8 26. Rc4 f5 27. Bd2 Qh4 28. exf5 Qf6 29. g4 Re8 30. Be3 Bxe3 31. Qxe3 e4 32. Rxe4 Qa1+ 33. Kg2 Rxe4 34. Qxe4 Qxa2 35. Qe8+ Kh7 36. Qg6+ Kh8 37. f6 gxf6 38. Qxh6+ Kg8 39. Qg6+ Kh8 40. Qxf6+ Kg8 41. Qd8+ Kg7 42. Qc7+ Kg8 43. Qc8+ Kg7 44. Qxb7+ Kh8 45. Qc8+ Kg7 46. Qd7+ Kh8 47. Qe8+ Kg7 48. Qe7+ Kh8 49. Qf8+ Kh7 50. Qf7+ Kh8 51. g5 Qe2 52. Qf6+ 1-0

[Event "Aarhus"]
[Site "Aarhus"]
[Date "1996.??.??"]
[Round "5"]
[White "Nielsen, Uffe Vinther"]
[Black "Boe, Mads"]
[Result "1/2-1/2"]
[WhiteElo "2380"]
[BlackElo "2355"]
[PlyCount "22"]
[EventDate "1996.??.??"]
[EventType "tourn"]
[EventRounds "9"]
[EventCountry "DEN"]
[EventCategory "4"]
[SourceTitle "EXT 1998"]
[Source "ChessBase"]
[SourceDate "1997.11.17"]
[SourceVersion "1"]
[SourceVersionDate "1997.11.17"]
[SourceQuality "1"]

1. e4 e5 2. Nf3 d6 3. d4 Nf6 4. Nc3 Nbd7 5. Bc4 Be7 6. 0-0 0-0 7. Re1 c6 8. a4 Qc7 9. h3 b6 10. Be3 Bb7 11. Nd2 a6 1/2-1/2

[Event "DEN-ch qual"]
[Site "Denmark"]
[Date "1996.??.??"]
[Round "6"]
[White "Nielsen, Uffe Vinther"]
[Black "Holmsgaard, Henrik"]
[Result "0-1"]
[WhiteElo "2380"]
[BlackElo "2290"]
[PlyCount "80"]
[EventDate "1996.??.??"]
[EventType "swiss"]
[EventRounds "7"]
[EventCountry "DEN"]
[SourceTitle "CBM 051 Extra"]
[Source "ChessBase"]
[SourceDate "1996.05.01"]
[SourceVersion "1"]
[SourceVersionDate "1996.05.01"]
[SourceQuality "1"]

1. e4 c5 2. Nf3 e6 3. Nc3 Nc6 4. Be2 d6 5. d4 cxd4 6. Nxd4 Nf6 7. 0-0 Be7 8. Be3 0-0 9. Kh1 a6 10. a4 Qc7 11. f4 Bd7 12. Nb3 Na5 13. Nxa5 Qxa5 14. Qd3 Rac8 15. Rfd1 Rfd8 16. Bf3 Be8 17. Bd2 Qc7 18. a5 d5 19. e5 Nd7 20. Ne2 Qxc2 21. Qxc2 Rxc2 22. Bc3 Bc5 23. Nd4 Rf2 24. Rac1 Nf8 25. Kg1 Rxf3 26. gxf3 Ng6 27. f5 exf5 28. Kh1 Bd7 29. Nb3 Be3 30. Bd2 Ba7 31. Re1 Bc6 32. e6 d4 33. Kg2 fxe6 34. Rxe6 Bd5 35. Rxg6 hxg6 36. Nc5 Re8 37. Kf2 d3 38. Be3 f4 39. Bxf4 Re2+ 40. Kf1 d2 0-1

[Event "Aarhus"]
[Site "Aarhus"]
[Date "1996.??.??"]
[Round "9"]
[White "Nielsen, Uffe Vinther"]
[Black "Pilgaard, Kim"]
[Result "1-0"]
[WhiteElo "2380"]
[BlackElo "2325"]
[PlyCount "124"]
[EventDate "1996.??.??"]
[EventType "tourn"]
[EventRounds "9"]
[EventCountry "DEN"]
[EventCategory "4"]
[SourceTitle "EXT 1998"]
[Source "ChessBase"]
[SourceDate "1997.11.17"]
[SourceVersion "1"]
[SourceVersionDate "1997.11.17"]
[SourceQuality "1"]

1. e4 e5 2. Nf3 Nc6 3. Bc4 Bc5 4. c3 Nf6 5. d3 d6 6. Bb3 h6 7. 0-0 0-0 8. Re1 a6 9. Nbd2 Nh5 10. d4 Ba7 11. d5 Nb8 12. Nxe5 Bxf2+ 13. Kxf2 Qh4+ 14. Kg1 dxe5 15. Nf3 Qe7 16. Be3 Nf6 17. Bf2 Bg4 18. Qd3 Nbd7 19. Bd1 Bxf3 20. Bxf3 Rfd8 21. b4 a5 22. a3 b6 23. Rab1 axb4 24. axb4 Ra3 25. Qc2 Nh7 26. g3 Qg5 27. Ra1 Rda8 28. Rxa3 Rxa3 29. Qb2 Ra8 30. c4 Qf6 31. Bg4 Qd6 32. Qc3 Ndf6 33. c5 Qd8 34. Bf5 g6 35. Bh3 Ng5 36. Bg2 Ng4 37. Rf1 Nxf2 38. Rxf2 bxc5 39. bxc5 Qe7 40. h4 Nh7 41. Rd2 Rd8 42. Rb2 Re8 43. Rb7 Qd7 44. d6 Rc8 45. Qa5 Nf6 46. Rxc7 Qg4 47. Rxc8+ Qxc8 48. Qc3 Qb8 49. Qxe5 Nd7 50. Qc3 Qa7 51. Qd4 Qxc5 52. Qxc5 Nxc5 53. Kf2 f6 54. Ke3 Ne6 55. Bh3 Kf7 56. Kd3 Nd8 57. Kd4 Ke8 58. Kc5 Nf7 59. Kd5 Nd8 60. Bf1 Kf7 61. Bc4 Kf8 62. Kc5 Ke8 1-0

[Event "Aarhus-ch"]
[Site "Aarhus"]
[Date "1996.??.??"]
[Round "7"]
[White "Pedersen, Daniel Vesterbaek"]
[Black "Nielsen, Uffe Vinther"]
[Result "0-1"]
[WhiteElo "2250"]
[BlackElo "2380"]
[PlyCount "134"]
[EventDate "1996.??.??"]
[EventType "tourn"]
[EventRounds "7"]
[EventCountry "DEN"]
[EventCategory "2"]
[SourceTitle "EXT 1999"]
[Source "ChessBase"]
[SourceDate "1998.11.16"]
[SourceVersion "1"]
[SourceVersionDate "1998.11.16"]
[SourceQuality "1"]

1. e4 c5 2. c3 Nf6 3. e5 Nd5 4. d4 cxd4 5. Nf3 d6 6. Bc4 Nb6 7. Bb3 d5 8. cxd4 Bf5 9. Nh4 Bxb1 10. Rxb1 e6 11. Nf3 Be7 12. 0-0 Nc6 13. Re1 a5 14. a3 Qd7 15. Bg5 a4 16. Bc2 Na5 17. Bxe7 Kxe7 18. Qd2 Qb5 19. Bd3 Nac4 20. Qg5+ Kf8 21. Nd2 h6 22. Qf4 Qd7 23. Rec1 Rc8 24. Rc3 Kg8 25. Nf1 Rc6 26. Rbc1 Qe7 27. R3c2 Qc7 28. Re1 f5 29. Qf3 g6 30. g4 Nd7 31. gxf5 gxf5 32. Qh5 Nf8 33. f4 Rh7 34. Rg2+ Rg7 35. Ree2 Kh7 36. Rg5 Qf7 37. Reg2 Rg6 38. Qh4 Kg7 39. Rxg6+ Nxg6 40. Qf2 Kh7 41. Be2 Rc8 42. Kh1 Rg8 43. Ng3 Nd2 44. Nh5 Ne4 45. Qe1 Ne7 46. Rxg8 Qxg8 47. Bf3 Qg6 48. Qe2 Ng8 49. Qc2 Kh8 50. Qg2 Qxg2+ 51. Kxg2 Nd2 52. Be2 Nc4 53. Bxc4 dxc4 54. Kf3 Kh7 55. Ke3 Kg6 56. Nf6 Nxf6 57. exf6 Kxf6 58. Kd2 Kg6 59. Kc3 Kh5 60. Kxc4 Kg4 61. Kc5 Kxf4 62. Kd6 Ke4 63. Kxe6 f4 64. d5 f3 65. d6 f2 66. d7 f1Q 67. d8Q Qf5+ 0-1

[Event "Aarhus-ch"]
[Site "Aarhus"]
[Date "1996.??.??"]
[Round "5"]
[White "Pedersen, Nicolai Vesterbaek"]
[Black "Nielsen, Uffe Vinther"]
[Result "1/2-1/2"]
[WhiteElo "2290"]
[BlackElo "2380"]
[PlyCount "92"]
[EventDate "1996.??.??"]
[EventType "tourn"]
[EventRounds "7"]
[EventCountry "DEN"]
[EventCategory "2"]
[SourceTitle "EXT 1999"]
[Source "ChessBase"]
[SourceDate "1998.11.16"]
[SourceVersion "1"]
[SourceVersionDate "1998.11.16"]
[SourceQuality "1"]

1. e4 e6 2. d4 d5 3. Nc3 Nf6 4. Bg5 Bb4 5. e5 h6 6. Bd2 Bxc3 7. bxc3 Ne4 8. Qg4 g6 9. Bd3 Nxd2 10. Kxd2 c5 11. Qf4 Bd7 12. Nf3 c4 13. Be2 Bc6 14. h4 Nd7 15. Nh2 Qe7 16. Ng4 0-0-0 17. Nxh6 Rdf8 18. Qg5 f6 19. exf6 Nxf6 20. Bf3 Qg7 21. Ng4 Rh5 22. Qe3 Ne4+ 23. Bxe4 dxe4 24. Qe2 Rf4 25. Raf1 Bd5 26. a4 Qh8 27. Ne5 Qh6 28. Kd1 Rfxh4 29. Rxh4 Rxh4 30. Nxc4 Qf8 31. Kd2 Rf4 32. Ne3 Bc6 33. a5 a6 34. Qc4 Rxf2+ 35. Rxf2 Qxf2+ 36. Qe2 Qf4 37. Qf1 g5 38. Qh1 Qf2+ 39. Kd1 Qxe3 40. Qh8+ Kc7 41. Qe5+ Kd7 42. Qg7+ Kd8 43. Qf6+ Kc7 44. Qe5+ Kd7 45. Qg7+ Ke8 46. Qg8+ Ke7 1/2-1/2

[Event "Aarhus"]
[Site "Aarhus"]
[Date "1996.??.??"]
[Round "2"]
[White "Ziska, Bogi"]
[Black "Nielsen, Uffe Vinther"]
[Result "0-1"]
[WhiteElo "2240"]
[BlackElo "2380"]
[PlyCount "44"]
[EventDate "1996.??.??"]
[EventType "tourn"]
[EventRounds "9"]
[EventCountry "DEN"]
[EventCategory "4"]
[SourceTitle "EXT 1998"]
[Source "ChessBase"]
[SourceDate "1997.11.17"]
[SourceVersion "1"]
[SourceVersionDate "1997.11.17"]
[SourceQuality "1"]

1. e4 c5 2. c3 Nf6 3. e5 Nd5 4. d4 cxd4 5. cxd4 e6 6. Nc3 Nxc3 7. bxc3 d6 8. Nf3 Qc7 9. Bd2 Bd7 10. Bd3 Bc6 11. 0-0 Nd7 12. Re1 dxe5 13. Ng5 Bd6 14. Qh5 Nf6 15. Qh3 0-0-0 16. dxe5 Bxe5 17. Nxf7 Rxd3 18. Qxd3 Bxh2+ 19. Kh1 Qxf7 20. Kxh2 Ng4+ 21. Kg3 Qxf2+ 22. Kxg4 h5+ 0-1

[Event "Hillerod Politiken"]
[Site "Hillerod"]
[Date "1995.??.??"]
[Round "8"]
[White "Gausel, Einar"]
[Black "Nielsen, Uffe Vinther"]
[Result "1/2-1/2"]
[WhiteElo "2490"]
[BlackElo "2370"]
[PlyCount "56"]
[EventDate "1995.??.??"]
[EventType "schev"]
[EventRounds "9"]
[EventCountry "DEN"]
[SourceTitle "CBM 046 Extra"]
[Source "ChessBase"]
[SourceDate "1995.07.01"]
[SourceVersion "1"]
[SourceVersionDate "1995.07.01"]
[SourceQuality "1"]

1. d4 Nf6 2. c4 c5 3. d5 b5 4. Nf3 g6 5. Qc2 bxc4 6. e4 d6 7. Bxc4 Bg7 8. 0-0 0-0 9. Re1 Ba6 10. Na3 Nfd7 11. Bf4 Nb6 12. Nd2 Qc8 13. Rad1 N8d7 14. b3 Ne5 15. h3 Rb8 16. Bxe5 Bxe5 17. Nf3 Bg7 18. e5 Bxc4 19. Nxc4 Nxc4 20. Qxc4 Rb4 21. Qe2 a5 22. exd6 exd6 23. Qe7 Qb8 24. Nd2 Bc3 25. Re3 Bxd2 26. Rxd2 a4 27. Rdd3 Qd8 28. g3 axb3 1/2-1/2

[Event "Ringsted op"]
[Site "Ringsted"]
[Date "1995.??.??"]
[Round "?"]
[White "Hansen, Lars"]
[Black "Nielsen, Uffe Vinther"]
[Result "0-1"]
[WhiteElo "2220"]
[BlackElo "2370"]
[PlyCount "72"]
[EventDate "1995.??.??"]
[EventType "swiss"]
[EventRounds "7"]
[EventCountry "DEN"]
[SourceTitle "EXT 1998"]
[Source "ChessBase"]
[SourceDate "1997.11.17"]
[SourceVersion "1"]
[SourceVersionDate "1997.11.17"]
[SourceQuality "1"]

1. e4 c5 2. Nc3 Nc6 3. g3 g6 4. Bg2 Bg7 5. f4 d6 6. Nf3 e6 7. 0-0 Nge7 8. Ne2 0-0 9. c3 d5 10. e5 d4 11. d3 f6 12. exf6 Bxf6 13. Ng5 Bg7 14. Bh3 Nf5 15. g4 Nd6 16. Qb3 Qb6 17. Qxb6 axb6 18. Ne4 Nxe4 19. dxe4 Bd7 20. Bd2 Na5 21. b3 Bb5 22. c4 d3 23. Nc3 Bxc4 24. g5 Bd4+ 25. Kh1 Rfe8 26. Rad1 Ba6 27. e5 Bxc3 28. Bxc3 Nc6 29. Rf3 b5 30. Rdxd3 b4 31. Be1 Bxd3 32. Rxd3 Rxa2 33. Kg1 Nd4 34. Bg2 Ne2+ 35. Kf1 Nxf4 36. Rd2 Rxd2 0-1

[Event "Copenhagen3"]
[Site "Copenhagen"]
[Date "1995.??.??"]
[Round "4"]
[White "Henrichsen, Jens"]
[Black "Nielsen, Uffe Vinther"]
[Result "0-1"]
[WhiteElo "2100"]
[BlackElo "2375"]
[PlyCount "64"]
[EventDate "1995.??.??"]
[EventType "schev"]
[EventRounds "9"]
[EventCountry "DEN"]
[SourceTitle "EXT 1997"]
[Source "ChessBase"]
[SourceDate "1996.11.15"]
[SourceVersion "1"]
[SourceVersionDate "1996.11.15"]
[SourceQuality "1"]

1. d4 Nf6 2. c4 c5 3. d5 b5 4. cxb5 a6 5. f3 axb5 6. e4 Qa5+ 7. Bd2 b4 8. Na3 e6 9. Nc4 Qc7 10. Nh3 exd5 11. exd5 Nxd5 12. Bg5 Bb7 13. Bd3 Nc6 14. 0-0 Nd4 15. Re1+ Be7 16. Be4 f6 17. Bxd5 Bxd5 18. Bf4 Qc6 19. Nd6+ Kf8 20. Ne4 Kf7 21. Be3 Rhe8 22. Bxd4 cxd4 23. Kh1 Qb6 24. Nf4 Be6 25. Qd3 f5 26. Ng3 g6 27. Nfe2 Bf6 28. a4 Qa6 29. Qd2 d3 30. Nc1 Bc4 31. Qxb4 Rab8 32. Qd2 Rxb2 0-1

[Event "Copenhagen3"]
[Site "Copenhagen"]
[Date "1995.??.??"]
[Round "6"]
[White "Lilja, Richard"]
[Black "Nielsen, Uffe Vinther"]
[Result "0-1"]
[WhiteElo "2165"]
[BlackElo "2375"]
[PlyCount "70"]
[EventDate "1995.??.??"]
[EventType "schev"]
[EventRounds "9"]
[EventCountry "DEN"]
[SourceTitle "EXT 1997"]
[Source "ChessBase"]
[SourceDate "1996.11.15"]
[SourceVersion "1"]
[SourceVersionDate "1996.11.15"]
[SourceQuality "1"]

1. e4 c5 2. Nf3 e6 3. Nc3 a6 4. d4 cxd4 5. Nxd4 Qc7 6. Be2 Nf6 7. 0-0 Nc6 8. Be3 Be7 9. f4 d6 10. a4 0-0 11. Kh1 Re8 12. Qe1 Bd7 13. Rd1 Rac8 14. Qg3 Kh8 15. Bd3 Nb4 16. e5 Nfd5 17. Nxd5 Nxd5 18. Qh3 g6 19. Bg1 Nb4 20. f5 exf5 21. Bxf5 gxf5 22. exd6 Bxd6 23. Nxf5 Be5 24. Qh4 Bxf5 25. Rxf5 Nc6 26. Rh5 f6 27. Bb6 Qg7 28. Qh3 Bd4 29. Bxd4 Nxd4 30. c3 Ne6 31. Qh4 Ng5 32. Qg4 Red8 33. Rxd8+ Rxd8 34. h4 Nf7 35. Qe4 Ne5 0-1

[Event "Ringsted op"]
[Site "Ringsted"]
[Date "1995.??.??"]
[Round "5"]
[White "Nielsen, Uffe Vinther"]
[Black "Greger, Roland Reinhard"]
[Result "1-0"]
[WhiteElo "2370"]
[BlackElo "2275"]
[PlyCount "61"]
[EventDate "1995.??.??"]
[EventType "swiss"]
[EventRounds "7"]
[EventCountry "DEN"]
[SourceTitle "EXT 1998"]
[Source "ChessBase"]
[SourceDate "1997.11.17"]
[SourceVersion "1"]
[SourceVersionDate "1997.11.17"]
[SourceQuality "1"]

1. e4 e6 2. d4 d5 3. Nc3 Bb4 4. e5 c5 5. Qg4 Ne7 6. dxc5 Nbc6 7. Bd2 Ng6 8. Nf3 Bxc5 9. 0-0-0 Bd7 10. h4 h5 11. Qg3 Nce7 12. Bd3 Qb6 13. Rhf1 0-0-0 14. Ng5 Rdf8 15. f4 f5 16. Ne2 Kb8 17. Kb1 Rhg8 18. Nc1 Ba4 19. Qe1 Bd4 20. Nb3 Bxb3 21. axb3 Qc6 22. Bb4 Qd7 23. Bd6+ Ka8 24. Be2 Be3 25. g3 d4 26. Bc4 Nd5 27. Bxd5 exd5 28. Bxf8 Nxf8 29. c3 Qb5 30. cxd4 Qxb3 31. Rf3 1-0

[Event "Ringsted op"]
[Site "Ringsted"]
[Date "1995.??.??"]
[Round "3"]
[White "Nielsen, Uffe Vinther"]
[Black "Jakobsen, Lars Veno"]
[Result "1-0"]
[WhiteElo "2370"]
[BlackElo "2280"]
[PlyCount "55"]
[EventDate "1995.??.??"]
[EventType "swiss"]
[EventRounds "7"]
[EventCountry "DEN"]
[SourceTitle "EXT 1998"]
[Source "ChessBase"]
[SourceDate "1997.11.17"]
[SourceVersion "1"]
[SourceVersionDate "1997.11.17"]
[SourceQuality "1"]

1. e4 c5 2. Nf3 e6 3. Nc3 a6 4. d4 cxd4 5. Nxd4 Qc7 6. f4 d6 7. Qf3 Nf6 8. Bd3 Be7 9. Bd2 Nc6 10. Nxc6 bxc6 11. b3 e5 12. f5 Bb7 13. g4 Nd7 14. g5 0-0-0 15. 0-0-0 f6 16. Rhg1 Rdf8 17. gxf6 Bxf6 18. Bc4 h6 19. Na4 Rd8 20. Qe2 Kb8 21. Bxa6 Ka7 22. Be3+ c5 23. Bxb7 Kxb7 24. Qb5+ Nb6 25. Rd5 Qc6 26. Qxc6+ Kxc6 27. Nxb6 Kxb6 28. b4 1-0

[Event "Copenhagen3"]
[Site "Copenhagen"]
[Date "1995.??.??"]
[Round "3"]
[White "Nielsen, Uffe Vinther"]
[Black "Petersen, Nils"]
[Result "1-0"]
[WhiteElo "2375"]
[BlackElo "2155"]
[PlyCount "83"]
[EventDate "1995.??.??"]
[EventType "schev"]
[EventRounds "9"]
[EventCountry "DEN"]
[SourceTitle "EXT 1997"]
[Source "ChessBase"]
[SourceDate "1996.11.15"]
[SourceVersion "1"]
[SourceVersionDate "1996.11.15"]
[SourceQuality "1"]

1. e4 e6 2. d4 d5 3. Nc3 Nf6 4. e5 Nfd7 5. Nce2 c5 6. c3 Nc6 7. f4 cxd4 8. cxd4 f5 9. Nf3 Be7 10. Nc3 Nf8 11. Be2 a6 12. 0-0 Ng6 13. Be3 b5 14. a4 b4 15. Nb1 Qb6 16. Nbd2 Na5 17. Ne1 Bd7 18. Nd3 Rc8 19. Nc5 Bxc5 20. dxc5 Qb7 21. b3 Ne7 22. Nf3 g6 23. Qd3 Ra8 24. Bf2 Nac6 25. Bh4 h6 26. Bf6 Rh7 27. Nh4 Kf7 28. g4 a5 29. Bf3 Qa6 30. Qd2 Qa7 31. Rae1 Rd8 32. Kh1 Bc8 33. Rg1 Qd7 34. gxf5 exf5 35. Nxg6 Nxg6 36. Rxg6 Ne7 37. Rg3 Rg8 38. c6 Qe6 39. Bxe7 Qxe7 40. Bxd5+ Be6 41. Rxg8 Kxg8 42. c7 1-0

[Event "Copenhagen3"]
[Site "Copenhagen"]
[Date "1995.??.??"]
[Round "9"]
[White "Nielsen, Uffe Vinther"]
[Black "Petersen, Soren Boeck"]
[Result "1-0"]
[WhiteElo "2375"]
[BlackElo "2230"]
[PlyCount "61"]
[EventDate "1995.??.??"]
[EventType "schev"]
[EventRounds "9"]
[EventCountry "DEN"]
[SourceTitle "EXT 1997"]
[Source "ChessBase"]
[SourceDate "1996.11.15"]
[SourceVersion "1"]
[SourceVersionDate "1996.11.15"]
[SourceQuality "1"]

1. e4 c5 2. Nf3 d6 3. d4 cxd4 4. Nxd4 Nf6 5. Nc3 g6 6. Be2 Bg7 7. 0-0 Nc6 8. Nb3 0-0 9. Re1 Be6 10. Bf1 Rc8 11. Bg5 Ne5 12. Nd5 Bxd5 13. exd5 Nc4 14. Bxc4 Rxc4 15. c3 Re8 16. Qd3 Rc7 17. Re2 Ng4 18. f4 Qc8 19. Rae1 Nf6 20. Nd2 Qd7 21. Ne4 Nxe4 22. Rxe4 a6 23. Rxe7 Rxe7 24. Rxe7 Qxe7 25. Bxe7 Rxe7 26. Qc4 Bf8 27. Kf2 Kg7 28. g4 f6 29. Qc8 Kf7 30. Kf3 h6 31. c4 1-0

[Event "Copenhagen3"]
[Site "Copenhagen"]
[Date "1995.??.??"]
[Round "7"]
[White "Nielsen, Uffe Vinther"]
[Black "Timmerman, Gert Jan"]
[Result "1-0"]
[WhiteElo "2375"]
[BlackElo "2300"]
[PlyCount "95"]
[EventDate "1995.??.??"]
[EventType "schev"]
[EventRounds "9"]
[EventCountry "DEN"]
[SourceTitle "EXT 1997"]
[Source "ChessBase"]
[SourceDate "1996.11.15"]
[SourceVersion "1"]
[SourceVersionDate "1996.11.15"]
[SourceQuality "1"]

1. e4 e5 2. Nf3 Nc6 3. Bc4 Nf6 4. d3 h6 5. 0-0 d6 6. c3 g6 7. Nbd2 Bg7 8. Bb3 0-0 9. Re1 Re8 10. h3 Bd7 11. d4 a5 12. a4 Re7 13. d5 Nb8 14. Nc4 b6 15. Bc2 Na6 16. Be3 Re8 17. Qd2 Kh7 18. b4 axb4 19. cxb4 Nxe4 20. Bxe4 f5 21. Bc2 f4 22. Bxb6 cxb6 23. Nxd6 e4 24. Nd4 Qf6 25. Ne6 Bxe6 26. Nxe8 Rxe8 27. dxe6 Rxe6 28. Rad1 e3 29. fxe3 fxe3 30. Rxe3 Rxe3 31. Qxe3 Nxb4 32. Be4 Na2 33. Qf2 Qxf2+ 34. Kxf2 Nc3 35. Re1 Nxa4 36. Bc2 Nc5 37. Re7 h5 38. Rc7 Ne6 39. Rc6 Bd4+ 40. Kf3 Nf8 41. Ke4 Bc5 42. Ke5 Kg7 43. Rc7+ Kh6 44. Kf6 Nh7+ 45. Kf7 Ng5+ 46. Kg8 Ne6 47. Rc6 Nf8 48. h4 1-0

[Event "Copenhagen Sommerskak"]
[Site "Copenhagen"]
[Date "1995.??.??"]
[Round "9"]
[White "Nielsen, Uffe Vinther"]
[Black "Volke, Karsten"]
[Result "1/2-1/2"]
[WhiteElo "2375"]
[BlackElo "2450"]
[PlyCount "25"]
[EventDate "1995.??.??"]
[EventType "tourn"]
[EventRounds "9"]
[EventCountry "DEN"]
[SourceTitle "EXT 1998"]
[Source "ChessBase"]
[SourceDate "1997.11.17"]
[SourceVersion "1"]
[SourceVersionDate "1997.11.17"]
[SourceQuality "1"]

1. e4 c5 2. Nf3 e6 3. c3 d6 4. d4 cxd4 5. Nxd4 Nf6 6. Be2 Be7 7. 0-0 0-0 8. f4 Nc6 9. Be3 e5 10. Nb3 exf4 11. Bxf4 Be6 12. Bf3 Ne5 13. Kh1 1/2-1/2

[Event "DEN-chT 9394"]
[Site "Denmark"]
[Date "1994.??.??"]
[Round "4"]
[White "Jorgensen, Jorgen"]
[Black "Nielsen, Uffe Vinther"]
[Result "1/2-1/2"]
[WhiteElo "2305"]
[BlackElo "2350"]
[PlyCount "40"]
[EventDate "1993.11.??"]
[EventType "team-tourn"]
[EventRounds "7"]
[EventCountry "DEN"]
[SourceTitle "EXT 2000"]
[Source "ChessBase"]
[SourceDate "1999.11.16"]
[SourceVersion "1"]
[SourceVersionDate "1999.11.16"]
[SourceQuality "1"]

1. c4 e5 2. Nc3 Bb4 3. g3 Nf6 4. Bg2 0-0 5. Nf3 Re8 6. 0-0 c6 7. Qc2 d5 8. cxd5 cxd5 9. d4 e4 10. Ne5 Be6 11. f3 Nbd7 12. Nxd7 Qxd7 13. Bg5 Bf5 14. Qb3 Be7 15. Rad1 Rad8 16. Qb5 h6 17. Qxd7 Rxd7 18. Bxf6 Bxf6 19. fxe4 Bxe4 20. Nxe4 dxe4 1/2-1/2

[Event "DEN-chT 9495"]
[Site "Denmark"]
[Date "1994.??.??"]
[Round "3"]
[White "Larsen, Steen Skovlund"]
[Black "Nielsen, Uffe Vinther"]
[Result "1/2-1/2"]
[WhiteElo "2320"]
[BlackElo "2385"]
[PlyCount "29"]
[EventDate "1994.11.??"]
[EventType "team-tourn"]
[EventRounds "7"]
[EventCountry "DEN"]
[SourceTitle "EXT 1999"]
[Source "ChessBase"]
[SourceDate "1998.11.16"]
[SourceVersion "1"]
[SourceVersionDate "1998.11.16"]
[SourceQuality "1"]

1. d4 Nf6 2. c4 c5 3. d5 b5 4. f3 e6 5. e4 exd5 6. cxd5 c4 7. Be3 Bb4+ 8. Nc3 Qe7 9. Qd2 d6 10. Nge2 Bd7 11. Nd4 0-0 12. Be2 Na6 13. 0-0 Nc5 14. Rad1 h6 15. Bf4 1/2-1/2